000 00707nam a22002537a 4500
003 CHAP
005 20220329134740.0
008 971013s1956 r 00010 d
010 _a25222
011 _a26194
035 _a30294
040 _cCHAP
082 _a621.393
_bB76
100 0 0 _aBrown, Robert H.
_915690
245 _aFarm electrification
260 _aNew York :
_bMcA Graw-Hill,
_c1956
300 _a367 p.
_b: ilus.
590 _aBATCH-UPD
_b10
_c20130110
_lUCH01
_h1848
590 _aCONVERSION
_b10
_c20130109
_lUCH01
_h1315
650 1 4 _aElectricidad en agricultura.
_936225
901 _aBK
942 _cLIBRO
949 _a621.393 B76
_bBC
_cLIBRO
_d33724000016341
_eLIBRO
_h27246
_i30294
_si
999 _c25222
_d25222